Mars-expedíciók előtt magyar kutatók keresik a választ egy fontos kérdésre /

Elmentve itt :
Bibliográfiai részletek
Szerző: Kalapos Mihály
Dokumentumtípus: Cikk
Megjelent: 2025-12-04
Sorozat:Infostart.hu
Kulcsszavak:Tombácz Dóra - egyetemi docens, Orvosi Biológia Intézet, Szent-Györgyi Albert Orvostudományi Kar - SZAOK, Űrmisszió - Axiom Mission 4, HUNOR - Magyar Űrhajós Program, Kutatás - űrélettan, Kutatás - mikrobiom-változások vizsgálata
Online Access:http://univ.bibl.u-szeged.hu/76263
LEADER 00969nab a2200169 i 4500
001 univ76263
005 20251205131015.0
008 251205s2025 hu o 000 hun d
040 |a SZTE UnivHistória Repozitórium  |b hun 
041 |a hun 
100 1 |a Kalapos Mihály 
245 1 0 |a Mars-expedíciók előtt   |h [elektronikus dokumentum] :  |b magyar kutatók keresik a választ egy fontos kérdésre /  |c  Kalapos Mihály 
260 |c 2025-12-04 
490 0 |a Infostart.hu 
561 |a Egyetemi hirarchívum 
695 |a Tombácz Dóra - egyetemi docens, Orvosi Biológia Intézet, Szent-Györgyi Albert Orvostudományi Kar - SZAOK, Űrmisszió - Axiom Mission 4, HUNOR - Magyar Űrhajós Program, Kutatás - űrélettan, Kutatás - mikrobiom-változások vizsgálata 
856 4 0 |u http://univ.bibl.u-szeged.hu/76263/1/Mars-exped%C3%ADci%C3%B3k%20el%C5%91tt_%20magyar%20kutat%C3%B3k%20keresik%20a%20v%C3%A1laszt%20egy%20fontos%20k%C3%A9rd%C3%A9sre%20-%20Infostart.hu.pdf  |z Dokumentum-elérés